| 000 | 00455nam a2200157Ia 4500 | ||
|---|---|---|---|
| 008 | 240729s9999 xx 000 0 und d | ||
| 022 | _a1880-5558 | ||
| 245 | 0 | _aJournal of Fluid Science and Technology | |
| 260 | _aJapan | ||
| 260 | _bThe Japan Society of Mechanical Engineers | ||
| 650 | _a Science (General) | Technology | ||
| 650 | _aScience | ||
| 856 | _uhttps://doaj.org/toc/af8efc6687c947a0a9933de5bdf8af84 | ||
| 942 | _2ddc | ||
| 942 | _cDOAJEJ | ||
| 999 |
_c68211 _d68211 |
||
| 945 |
_a1 _bMadushi Gamage _c1 _dMadushi Gamage |
||